| 000 | 00847nam a2200217 a 4500 | ||
|---|---|---|---|
| 001 | 44357 | ||
| 003 | BD-RjUL | ||
| 005 | 20211209053837.0 | ||
| 008 | 160717s1962 ii ||||| |||| 00| 0 ben d | ||
| 035 | _a(BD-RjUL)44475 | ||
| 040 |
_aBD-RjUL _bben _cBD-RjUL |
||
| 041 | _aben | ||
| 082 |
_223 _a891.4414 _bTAR 1962 |
||
| 100 |
_aঠাকুর, ধীরানন্দ _9136137 |
||
| 245 | 1 | 0 |
_aরবীন্দ্রনাথের গদ্যকবিতা / _cধীরানন্দ ঠাকুর |
| 260 |
_aকলিকাতা _bবুকল্যন্ড প্রা. লি., _c১৯৬২ |
||
| 300 |
_a১৫৪ পৃ. ; _c২১ সেমি. |
||
| 600 |
_aঠাকুর, রবীন্দ্রনাথ, ১৮৬১-১৯৪১ _9136146 |
||
| 600 |
_aTagore, Robindronath, 1861-1941 _9136147 |
||
| 942 |
_2ddc _cBK |
||
| 999 |
_c44357 _d44357 |
||